000 00799nam a2200253 i 4500
003 DO-SdBNP
005 20230703154117.0
007 ta
008 230703b2023 dr ||||| |||| 00| 0 spa d
020 _a9789945183498
040 _aDO-SdBNP
_bspa
_cBNPHU
_erda
082 4 _222
100 _aAntonio, Yajaira,
_eautora
_983679
245 1 0 _aHábitos poderosos :
_b43 lecciones para transformar tu vida /
_cYajaira Antonio
264 1 _aSanto Domingo :
_bEgraf digital,
_c2023.
300 _a179 páginas ;
_c23 cm.
336 _2rdacontent
_atexto
_btxt
337 _2rdamedia
_asin mediación
_bn
338 _2rdacarrier
_avolumen
_bnc
500 _aIncluye datos biográficos de la autora en la solapa de la cubierta
590 _aInventariado, 2023/BT
910 _abtavárez
942 _2ddc
_cLBS1
999 _c54065
_d54065